[Event "Otvoreno prvenstvo Paracina za 2014. god"]
[Site "Dnevni centar klub, Paracin"]
[Date "2014.01.18"]
[Round "8.1"]
[White "Zlatanovic, Boroljub"]
[Black "Mladenovic, Stefan"]
[Result "1-0"]
[WhiteElo "2394"]
[BlackElo "2281"]
[PlyCount "87"]
[EventDate "2014.01.10"]

1. e4 e6 2. Nc3 d5 3. Nf3 Nf6 4. d3 dxe4 5. Nxe4 Nxe4 6. dxe4 Qxd1+ 7. Kxd1 Bc5
8. Ke1 Nc6 9. c3 e5 10. Bc4 f6 11. a4 a5 12. Ke2 Nd8 13. Rd1 Bg4 14. h3 Bxf3+
15. Kxf3 Ke7 16. b3 Ne6 17. Bxe6 Kxe6 18. Rd5 b6 19. Bb2 Rhd8 20. Rad1 Ke7 21.
Ke2 c6 22. R5d3 Rxd3 23. Rxd3 Rd8 24. f3 Rxd3 25. Kxd3 b5 26. Bc1 Ke6 27. f4
exf4 28. Bxf4 Bb6 29. axb5 cxb5 30. c4 a4 31. cxb5 axb3 32. Kc3 f5 33. exf5+
Kxf5 34. Bd6 g5 35. Kxb3 h5 36. Kc4 Ke4 37. Bc5 Bc7 38. b6 Be5 39. b7 Bb8 40.
Be7 g4 41. hxg4 hxg4 42. Kc5 Ke3 43. Bd6 Ba7+ 44. Kd5 1-0

[Event "Otvoreno prvenstvo Paracina za 2014. god"]
[Site "Dnevni centar klub, Paracin"]
[Date "2014.01.18"]
[Round "8.2"]
[White "Brankovic, Dejan"]
[Black "Cvetanovic, Uros"]
[Result "1/2-1/2"]
[WhiteElo "2363"]
[BlackElo "2282"]
[PlyCount "106"]
[EventDate "2014.01.10"]

1. e4 c5 2. Nf3 d6 3. Bb5+ Nc6 4. O-O a6 5. Bxc6+ bxc6 6. Re1 e5 7. c3 Bg4 8.
d3 g6 9. d4 cxd4 10. cxd4 Bg7 11. dxe5 dxe5 12. Na3 Qxd1 13. Rxd1 f5 14. h3
fxe4 15. hxg4 exf3 16. gxf3 Ne7 17. Bg5 Rf8 18. Rac1 Rxf3 19. Bxe7 Kxe7 20.
Rxc6 Ra7 21. Nc4 Rf4 22. Ne3 Rd4 23. Kf1 Rxd1+ 24. Nxd1 Kd7 25. Rb6 Kc7 26. Rb4
Kc6 27. Ra4 Bf6 28. Nc3 h5 29. Rc4+ Kd7 30. Kg2 Bd8 31. Rc5 hxg4 32. Rxe5 Bf6
33. Rd5+ Ke6 34. Rc5 Bd4 35. Rg5 Bxc3 36. bxc3 Rc7 37. Rxg4 Kf5 38. Rg3 Rc4 39.
Rd3 Ra4 40. Rd2 Rc4 41. Rd5+ Ke4 42. Ra5 Rxc3 43. Rxa6 Kf5 44. f3 g5 45. Kg3
Rc1 46. Ra5+ Kf6 47. a4 Rc3 48. Ra8 Rc4 49. a5 Rc3 50. a6 Ra3 51. Kf2 Kg7 52.
Ke2 Ra2+ 53. Kf1 Ra4 1/2-1/2

[Event "Otvoreno prvenstvo Paracina za 2014. god"]
[Site "Dnevni centar klub, Paracin"]
[Date "2014.01.18"]
[Round "8.3"]
[White "Radovanovic, Nikola"]
[Black "Todorovic, Nenad I"]
[Result "1-0"]
[WhiteElo "2303"]
[BlackElo "2104"]
[PlyCount "117"]
[EventDate "2014.01.10"]

1. e4 c5 2. Nf3 d6 3. d4 cxd4 4. Nxd4 Nf6 5. Nc3 a6 6. Bc4 e6 7. Bb3 b5 8. O-O
Be7 9. Qf3 Qb6 10. Be3 Qb7 11. a3 O-O 12. Rfe1 Nbd7 13. Bg5 Ne5 14. Qe2 Bd7 15.
a4 b4 16. Nb1 Qb6 17. Be3 Qb7 18. Bg5 Nc6 19. Nxc6 Bxc6 20. Nd2 h6 21. Bh4 a5
22. f3 Nh5 23. Bxe7 Qxe7 24. Qe3 Rfd8 25. Nc4 Qc7 26. Rad1 Nf6 27. Qb6 Qxb6+
28. Nxb6 Ra6 29. Nc4 Ne8 30. Rd2 Kf8 31. Ne3 Ra7 32. Ra1 Ke7 33. Bc4 Nc7 34. b3
Bb7 35. Rad1 Ba6 36. Kf2 Bxc4 37. Nxc4 Ra6 38. Rd3 Ne8 39. Ke3 Nc7 40. c3 d5
41. Ne5 f6 42. Ng6+ Kf7 43. Nf4 g5 44. Ne2 Rc8 45. cxb4 axb4 46. Rc1 Ke7 47.
Kd2 Kd7 48. Nd4 e5 49. Nc2 Rb8 50. exd5 Ne8 51. Ne3 Nd6 52. Ke2 Rb7 53. Rd2 h5
54. Rdc2 Ra5 55. Kd3 Ra6 56. Rc6 Rba7 57. R1c5 Ra5 58. Rxa5 Rxa5 59. Rxd6+ 1-0

[Event "Otvoreno prvenstvo Paracina za 2014. god"]
[Site "Dnevni centar klub, Paracin"]
[Date "2014.01.18"]
[Round "8.4"]
[White "Kojovic, Dragan"]
[Black "Radosavljevic, Slobodan D"]
[Result "0-1"]
[WhiteElo "2399"]
[BlackElo "2223"]
[PlyCount "114"]
[EventDate "2014.01.10"]

1. d4 c5 2. c3 d5 3. Nf3 Nf6 4. Bg5 Qb6 5. Qb3 e6 6. Bxf6 gxf6 7. Nbd2 Nc6 8.
e3 Bd7 9. Be2 Rc8 10. O-O cxd4 11. exd4 Bh6 12. Rfe1 O-O 13. Rad1 Rfd8 14. Bd3
Qxb3 15. Nxb3 b6 16. Nbd2 Na5 17. Nf1 Nc4 18. Rb1 a5 19. Ng3 b5 20. Nh5 Bg7 21.
Re2 Rc7 22. h3 Rb8 23. Rc1 Rcb7 24. Rd1 Nd6 25. Re3 b4 26. Nh2 Bh8 27. Ng4 Ne8
28. Rg3 Kf8 29. Bxh7 bxc3 30. bxc3 Ke7 31. Nh6 f5 32. Ng8+ Kd6 33. Nh6 Ke7 34.
Rdd3 Rb1+ 35. Kh2 Re1 36. Rg8 Bf6 37. Kg3 Re4 38. Re3 Bh4+ 39. Kf3 Rb2 40. g3
Bf6 41. Rxe8+ Bxe8 42. Ng8+ Kf8 43. Ngxf6 Rxe3+ 44. Kxe3 Bb5 45. g4 fxg4 46.
Nxg4 Re2+ 47. Kf4 Rxa2 48. Nhf6 a4 49. h4 a3 50. h5 Rxf2+ 51. Nxf2 a2 52. N6g4
a1=Q 53. h6 Qxc3 54. Kg5 Qxd4 55. Bb1 Qd2+ 56. Kh5 Qc1 57. Bh7 Be2 {unclear}
0-1

[Event "Otvoreno prvenstvo Paracina za 2014. god"]
[Site "Dnevni centar klub, Paracin"]
[Date "2014.01.18"]
[Round "8.5"]
[White "Dinic, Dragan"]
[Black "Popovic, Djordje D"]
[Result "1/2-1/2"]
[WhiteElo "2313"]
[BlackElo "2202"]
[PlyCount "30"]
[EventDate "2014.01.10"]

1. e4 e6 2. d4 d5 3. exd5 exd5 4. Bd3 Bd6 5. Ne2 Nf6 6. O-O O-O 7. Bf4 c6 8.
Bxd6 Qxd6 9. Ng3 Bg4 10. Qd2 Nbd7 11. Nc3 Rae8 12. Rfe1 Qb8 13. Rxe8 Rxe8 14.
Re1 Rxe1+ 15. Qxe1 Qe8 1/2-1/2

[Event "Otvoreno prvenstvo Paracina za 2014. god"]
[Site "Dnevni centar klub, Paracin"]
[Date "2014.01.18"]
[Round "8.6"]
[White "Popovic, Predrag R"]
[Black "Kostic, Marko"]
[Result "1-0"]
[WhiteElo "2284"]
[BlackElo "1761"]
[PlyCount "89"]
[EventDate "2014.01.10"]

1. d4 d5 2. c4 e6 3. Nc3 Be7 4. Nf3 Nf6 5. Bg5 O-O 6. e3 Nbd7 7. Rc1 h6 8. Bh4
dxc4 9. Bxc4 b6 10. Qe2 Bb7 11. O-O Ne4 12. Bxe7 Qxe7 13. Ba6 Bxa6 14. Qxa6
Nxc3 15. Rxc3 c5 16. Rfc1 e5 17. dxc5 Nxc5 18. Qb5 e4 19. Ne1 f5 20. b4 Ne6 21.
Qe5 Rf7 22. a3 Qd7 23. Rc6 Re8 24. Rd6 Qe7 25. Rcd1 Nf8 26. Qd4 Kh7 27. Nc2 Ng6
28. Qd5 Ne5 29. Nd4 Rf6 30. Rxf6 Qxf6 31. Rc1 Rd8 32. Qb7 Rd6 33. Rc7 Qg5 34.
Rxg7+ Qxg7 35. Qxg7+ Kxg7 36. Nxf5+ Kf6 37. Nxd6 Ke6 38. Nxe4 Nc4 39. a4 Nb2
40. Nc3 Nd3 41. Nb5 Nxb4 42. Nxa7 Kd5 43. Nc8 Kc5 44. g4 Nd5 45. h4 1-0

[Event "Otvoreno prvenstvo Paracina za 2014. god"]
[Site "Dnevni centar klub, Paracin"]
[Date "2014.01.18"]
[Round "8.7"]
[White "Desic, Zoran"]
[Black "Jovanovic, Bojan P"]
[Result "0-1"]
[WhiteElo "2055"]
[BlackElo "2252"]
[PlyCount "126"]
[EventDate "2014.01.10"]

1. e4 e6 2. d4 d5 3. exd5 exd5 4. Bd3 c5 5. dxc5 Bxc5 6. Ne2 Nf6 7. O-O Nc6 8.
c3 Ng4 9. h3 Nge5 10. Bc2 h5 11. Nd4 Qh4 12. f4 Bxh3 13. Qe1 Qg4 14. Rf2 Nxd4
15. Qxe5+ Ne6 16. Ba4+ Kf8 17. Be3 Rd8 18. Kh2 h4 19. Bxc5+ Nxc5 20. Bc2 Qg3+
21. Kg1 Bg4 22. Qd4 Ne6 23. Qd2 h3 24. Na3 Qh4 25. Raf1 hxg2 26. Rxg2 Bh3 27.
Rh2 Qg3+ 28. Kh1 Rh4 29. Qf2 Rxf4 30. Qxg3 Rxf1+ 31. Qg1 Rxg1+ 32. Kxg1 Ng5 33.
Kf2 Ke7 34. Nb5 Bd7 35. Nd4 g6 36. Bb3 Kd6 37. Kg3 Re8 38. Kf4 Ne6+ 39. Nxe6
Rxe6 40. Rd2 Re5 41. c4 g5+ 42. Kg3 Be6 43. cxd5 Bxd5 44. Kg4 f6 45. Kh5 Ke6
46. Ba4 Bxa2 47. Kg6 g4 48. Bd7+ Ke7 49. Bc8 Bd5 50. Bxg4 Rg5+ 51. Kh6 Rxg4 52.
Rxd5 Rg2 53. Rb5 b6 54. Kh5 Rg5+ 55. Rxg5 fxg5 56. Kxg5 Ke6 57. Kf4 Kd5 58. Ke3
Kc4 59. Kd2 Kb3 60. Kc1 Ka2 61. Kc2 a5 62. b3 b5 63. Kc3 b4+ 0-1

[Event "Otvoreno prvenstvo Paracina za 2014. god"]
[Site "Dnevni centar klub, Paracin"]
[Date "2014.01.18"]
[Round "8.8"]
[White "Djordjevic, Vuk"]
[Black "Jovanovic, Aleksandar D"]
[Result "1-0"]
[WhiteElo "2114"]
[BlackElo "2225"]
[PlyCount "95"]
[EventDate "2014.01.10"]

1. d4 f5 2. c4 e6 3. Nf3 Nf6 4. g3 Nc6 5. Bg2 Bb4+ 6. Bd2 Bxd2+ 7. Nbxd2 d6 8.
a3 e5 9. d5 Ne7 10. e3 Ng6 11. Qc2 e4 12. Nd4 Ne5 13. Bf1 c5 14. dxc6 bxc6 15.
c5 d5 16. Be2 O-O 17. O-O Nfg4 18. h3 Nh6 19. b4 Qg5 20. Qb3 Kh8 21. Qc3 f4 22.
exf4 Rxf4 23. Qe3 Rf5 24. Nxf5 Qxf5 25. g4 Qg6 26. f3 Nhf7 27. Kh2 h5 28. f4
Nd7 29. g5 Nf8 30. Nb3 Ne6 31. Qg3 Qf5 32. Bxh5 d4 33. Bxf7 Qxf7 34. Qh4+ Kg8
35. g6 Qxg6 36. f5 Qg5 37. Qxe4 Nf8 38. Qxc6 Rb8 39. Qg2 Qf6 40. Qd5+ Kh8 41.
Qxd4 Qf7 42. f6 g5 43. Qd6 Rb7 44. Qg3 Rd7 45. Rad1 Rxd1 46. Rxd1 Qxf6 47. Qe3
Ng6 48. Qd4 1-0

[Event "Otvoreno prvenstvo Paracina za 2014. god"]
[Site "Dnevni centar klub, Paracin"]
[Date "2014.01.18"]
[Round "8.9"]
[White "Andrijevic, Milan"]
[Black "Micanovic, Zoran"]
[Result "1-0"]
[WhiteElo "2347"]
[BlackElo "2015"]
[PlyCount "77"]
[EventDate "2014.01.10"]

1. e4 e5 2. Nf3 Nc6 3. Bb5 a6 4. Ba4 b5 5. Bb3 Nf6 6. O-O Be7 7. Re1 O-O 8. h3
d6 9. c3 Na5 10. Bc2 c5 11. d4 Qc7 12. Nbd2 Bd7 13. Nf1 Rac8 14. d5 h6 15. b3
Nh7 16. Ng3 Bg5 17. Nxg5 Nxg5 18. Nf5 Bxf5 19. exf5 Qd8 20. a4 b4 21. c4 Re8
22. Re3 Rc7 23. Qh5 Kf8 24. f6 Qxf6 25. h4 e4 26. Rb1 Nh7 27. Bxe4 Rxe4 28.
Rxe4 Qc3 29. Qe2 Nf6 30. Re3 Qd4 31. Bb2 Qxh4 32. Bxf6 gxf6 33. Re1 f5 34. Re8+
Kg7 35. Ra8 Nxb3 36. Qe8 Kg6 37. Re6+ Kh5 38. Rxh6+ Kxh6 39. Qh8+ 1-0

[Event "Otvoreno prvenstvo Paracina za 2014. god"]
[Site "Dnevni centar klub, Paracin"]
[Date "2014.01.18"]
[Round "8.10"]
[White "Tosic, Dragoljub"]
[Black "Stefanovic, Vladimir"]
[Result "0-1"]
[WhiteElo "1990"]
[BlackElo "2201"]
[PlyCount "78"]
[EventDate "2014.01.10"]

1. d4 Nf6 2. Nf3 g6 3. g3 Bg7 4. Bg2 O-O 5. O-O c5 6. c4 cxd4 7. Nxd4 Nc6 8.
Nc3 Nxd4 9. Qxd4 d6 10. Qd3 a6 11. Bd2 Rb8 12. Rac1 Bd7 13. b3 b5 14. cxb5 axb5
15. Rfd1 b4 16. Nd5 Nxd5 17. Qxd5 Qb6 18. e4 Qa6 19. Bg5 Rfe8 20. Rc2 Rb5 21.
Qd3 Ra5 22. Qxa6 Rxa6 23. Bf1 Ra5 24. Be3 Rea8 25. Rc7 Be6 26. Rxe7 Rxa2 27.
Rb7 Bxb3 28. Rxd6 Bf8 29. Rdb6 h6 30. Rb8 Kg7 31. Kg2 g5 32. Rxa8 Rxa8 33. Bd3
Rd8 34. Be2 Bc2 35. Bc4 Bxe4+ 36. f3 Bd5 37. Bd3 Kg8 38. Bf5 Re8 39. Bd4 Ra8
0-1

[Event "Otvoreno prvenstvo Paracina za 2014. god"]
[Site "Dnevni centar klub, Paracin"]
[Date "2014.01.18"]
[Round "8.11"]
[White "Jakovljevic, Dejan"]
[Black "Djordjevic, Gradimir"]
[Result "1/2-1/2"]
[WhiteElo "1948"]
[BlackElo "2171"]
[PlyCount "85"]
[EventDate "2014.01.10"]

1. e4 e5 2. d4 d6 3. dxe5 dxe5 4. Qxd8+ Kxd8 5. Bc4 Be6 6. Bxe6 fxe6 7. Be3 Nc6
8. Nd2 Nf6 9. f3 Bd6 10. O-O-O Ke7 11. Ne2 h6 12. Kb1 Nd7 13. Nc4 b5 14. Nd2
Bc5 15. Bxc5+ Nxc5 16. Nb3 Nb7 17. Nec1 Rad8 18. Nd3 Rd6 19. c3 a5 20. Nbc5
Nxc5 21. Nxc5 Rb8 22. Kc2 Rb6 23. Rd2 Rxd2+ 24. Kxd2 Nd8 25. Rd1 Rd6+ 26. Kc2
Rxd1 27. Kxd1 Kd6 28. Nd3 c5 29. b3 c4 30. bxc4 bxc4 31. Nb2 Kc5 32. Ke2 Nf7
33. Ke3 g6 34. Ke2 Nd6 35. a4 Nc8 36. Kd2 Nb6 37. Kc2 Kd6 38. Kd2 Ke7 39. Ke3
Kf6 40. Kf2 Ke7 41. Ke3 Kd6 42. Kd2 Kc5 43. Kc2 1/2-1/2

[Event "Otvoreno prvenstvo Paracina za 2014. god"]
[Site "Dnevni centar klub, Paracin"]
[Date "2014.01.18"]
[Round "8.12"]
[White "Ilic, Sladjan"]
[Black "Radovic, Janko"]
[Result "0-1"]
[WhiteElo "1960"]
[BlackElo "2098"]
[PlyCount "60"]
[EventDate "2014.01.10"]

1. e4 c5 2. d4 cxd4 3. c3 dxc3 4. Nxc3 Nc6 5. Nf3 Nf6 6. Bc4 e6 7. O-O Nxe4 8.
Nxe4 d5 9. Bb5 dxe4 10. Bxc6+ bxc6 11. Qxd8+ Kxd8 12. Ne5 Ke8 13. Nxc6 Bb7 14.
Nd4 Bc5 15. Be3 Rc8 16. Rac1 Kd7 17. a3 a6 18. Rfd1 Bd5 19. Nf5 Bxe3 20. Nxe3
Rxc1 21. Rxc1 Rc8 22. Rxc8 Kxc8 23. Kf1 Kc7 24. Ke2 Kd6 25. b4 Ke5 26. Nxd5
exd5 27. a4 d4 28. g4 f6 29. f4+ Kd5 30. h4 h5 0-1

[Event "Otvoreno prvenstvo Paracina za 2014. god"]
[Site "Dnevni centar klub, Paracin"]
[Date "2014.01.18"]
[Round "8.13"]
[White "Zivanovic, Blagoje"]
[Black "Madic, Zivko"]
[Result "0-1"]
[WhiteElo "1905"]
[BlackElo "2077"]
[PlyCount "94"]
[EventDate "2014.01.10"]

1. e4 c5 2. c4 Nc6 3. g3 g6 4. Ne2 Bg7 5. Bg2 d6 6. Nbc3 e6 7. d3 Nge7 8. a3
O-O 9. O-O Nd4 10. Rb1 Nec6 11. b4 Rb8 12. Bf4 e5 13. Be3 Be6 14. Nd5 Nxe2+ 15.
Qxe2 b6 16. b5 Bxd5 17. cxd5 Ne7 18. f4 f5 19. fxe5 Bxe5 20. Bg5 Bf6 21. Bh6
Rf7 22. Bh3 Bg7 23. Bg5 h6 24. Bxe7 Qxe7 25. Qc2 Qg5 26. Rbe1 Kh8 27. Rf3 Be5
28. Qg2 Rbf8 29. Ref1 Kg7 30. a4 fxe4 31. Rxf7+ Rxf7 32. Rxf7+ Kxf7 33. Be6+
Kg7 34. Qxe4 Qc1+ 35. Kg2 Bd4 36. Qf4 Qg1+ 37. Kh3 Bf6 38. Bd7 Be5 39. Qf3 Qd4
40. Be8 Bf6 41. Qg4 Qxd3 42. Qd7+ Kh8 43. Bxg6 Qxg6 44. Qxd6 Kg7 45. Qc7+ Qf7
46. d6 Be5 47. Qb8 Qd7+ 0-1

[Event "Otvoreno prvenstvo Paracina za 2014. god"]
[Site "Dnevni centar klub, Paracin"]
[Date "2014.01.18"]
[Round "8.14"]
[White "Rajkovic, Zoran"]
[Black "Kostic, Tomislav"]
[Result "0-1"]
[WhiteElo "1890"]
[BlackElo "2023"]
[PlyCount "124"]
[EventDate "2014.01.10"]

1. d4 Nf6 2. Nf3 e6 3. Bg5 Be7 4. e3 b6 5. Bd3 Bb7 6. c3 d6 7. Qa4+ Nbd7 8. Bb5
a6 9. Bxd7+ Qxd7 10. Qxd7+ Kxd7 11. Nbd2 h6 12. Bxf6 Bxf6 13. e4 g6 14. O-O g5
15. e5 Be7 16. Nc4 f5 17. exd6 Bxd6 18. Nxd6 cxd6 19. Nd2 Rac8 20. Rfe1 b5 21.
a4 b4 22. c4 Rhe8 23. b3 a5 24. Rad1 Re7 25. Re3 Ke8 26. Rh3 Rh7 27. Re1 Kf7
28. Rhe3 Re8 29. g3 Kf6 30. f3 h5 31. d5 e5 32. Kg2 Rc8 33. R1e2 Rcc7 34. Rd3
Bc8 35. Rde3 Rhg7 36. Re1 Rg6 37. Rc1 Rc5 38. h3 Kg7 39. Kh1 Bb7 40. Rd3 Kf7
41. Rg1 Rc8 42. Kg2 Ke7 43. Nf1 Kd7 44. Ne3 Rf6 45. Nd1 Kc7 46. Nf2 Kb6 47. g4
hxg4 48. hxg4 Rh8 49. Rh1 Rxh1 50. Kxh1 Bc8 51. Kg2 fxg4 52. fxg4 Rf4 53. Kg3
Bd7 54. Rf3 Be8 55. Rxf4 gxf4+ 56. Kf3 Bg6 57. Ne4 Kc7 58. g5 Kd7 59. Nf6+ Ke7
60. Ne4 Be8 61. Kg4 Bxa4 62. Kf3 Bxb3 0-1

[Event "Otvoreno prvenstvo Paracina za 2014. god"]
[Site "Dnevni centar klub, Paracin"]
[Date "2014.01.18"]
[Round "8.16"]
[White "Zivkovic, Momcilo"]
[Black "Djordjevic, Lazar"]
[Result "1-0"]
[WhiteElo "2148"]
[BlackElo "1731"]
[PlyCount "99"]
[EventDate "2014.01.10"]

1. e4 d5 2. exd5 Qxd5 3. d4 Nf6 4. Nf3 Bg4 5. Be2 e6 6. O-O c5 7. c4 Qd8 8. Be3
cxd4 9. Bxd4 Nc6 10. Bxf6 Qxd1 11. Rxd1 gxf6 12. Nc3 a6 13. a3 Be7 14. b4 Ne5
15. c5 Nxf3+ 16. Bxf3 Bxf3 17. gxf3 a5 18. Nb5 Rc8 19. Kf1 Rg8 20. h4 f5 21.
Rd3 Bxh4 22. Nd6+ Ke7 23. Nxc8+ Rxc8 24. Rad1 Rc7 25. b5 Rxc5 26. a4 Kf6 27.
R1d2 Bg5 28. Rd1 Bh4 29. Rd4 Bg5 30. f4 Bh4 31. R1d2 Rc3 32. Rd7 Ra3 33. Rxb7
Rxa4 34. Rb2 Kg7 35. b6 Bf6 36. Rb3 Rxf4 37. Rd7 a4 38. Rb5 a3 39. Ra7 Bd4 40.
Rxa3 Rxf2+ 41. Ke1 Rb2 42. Rxb2 Bxb2 43. Rb3 Be5 44. b7 Bb8 45. Rc3 h5 46. Rc8
Bg3+ 47. Kf1 Kf6 48. Kg2 Bd6 49. Kf3 e5 50. Rc6 1-0

[Event "Otvoreno prvenstvo Paracina za 2014. god"]
[Site "Dnevni centar klub, Paracin"]
[Date "2014.01.18"]
[Round "8.17"]
[White "Petrovic, Petar R"]
[Black "Radovic, Luka"]
[Result "0-1"]
[WhiteElo "1718"]
[BlackElo "2110"]
[PlyCount "82"]
[EventDate "2014.01.10"]

1. e4 c5 2. Nf3 d6 3. d4 cxd4 4. Nxd4 Nf6 5. Nc3 a6 6. Be2 e5 7. Nf3 Be7 8. Be3
O-O 9. O-O Nbd7 10. Nd2 b5 11. f3 Bb7 12. Re1 Qc7 13. a4 b4 14. Na2 d5 15. exd5
Nxd5 16. Bf2 Bc5 17. Ne4 Bxf2+ 18. Nxf2 Nc5 19. c4 bxc3 20. Nxc3 Nxc3 21. bxc3
Rfd8 22. Qc2 Rac8 23. Rab1 Bc6 24. a5 Qxa5 25. Ra1 Ba4 26. Qf5 Qxc3 27. Rec1
Qe3 28. Bxa6 Bd7 29. Qh5 Nxa6 30. Re1 Qb6 31. Reb1 Qe6 32. Ng4 f6 33. Qh4 Nc5
34. Qg3 Rb8 35. Re1 Nd3 36. Re3 Nf4 37. Kh1 Kh8 38. Rae1 Qb6 39. Nf2 Qd4 40.
Ne4 Rb2 41. Nf2 Nh5 0-1

[Event "Otvoreno prvenstvo Paracina za 2014. god"]
[Site "Dnevni centar klub, Paracin"]
[Date "2014.01.18"]
[Round "8.18"]
[White "Marjanovic, Toplica"]
[Black "Radosavljevic, Nenad M"]
[Result "0-1"]
[WhiteElo "1813"]
[BlackElo "1959"]
[PlyCount "86"]
[EventDate "2014.01.10"]

1. e4 c5 2. c4 d6 3. Nc3 g6 4. Nf3 Bg7 5. d3 Nc6 6. a3 e6 7. Be2 Nge7 8. O-O
Nd4 9. Be3 Nec6 10. Rb1 O-O 11. Na2 Nxe2+ 12. Qxe2 b6 13. Qd2 d5 14. exd5 exd5
15. cxd5 Qxd5 16. Nc3 Qd7 17. Rfd1 Bb7 18. Bh6 Rad8 19. Bxg7 Kxg7 20. Ne4 Qf5
21. Qc3+ f6 22. Ng3 Qd5 23. Rd2 h5 24. Rbd1 Nd4 25. Ne1 Rfe8 26. f3 h4 27. Ne4
h3 28. Rf2 hxg2 29. Nxg2 Qf5 30. Rdf1 Rh8 31. Ne1 Rh3 32. Rg2 Qf4 33. Qd2 Ne6
34. Qe2 Qe5 35. Ng3 Qd5 36. Qe4 Qd4+ 37. Qxd4 Nxd4 38. Ne4 Nf5 39. Re2 Ba6 40.
Nf2 Rh4 41. Ne4 Rdh8 42. Rff2 Rd8 43. Kg2 Re8 0-1

[Event "Otvoreno prvenstvo Paracina za 2014. god"]
[Site "Dnevni centar klub, Paracin"]
[Date "2014.01.18"]
[Round "8.20"]
[White "Blagojevic, Nikola"]
[Black "Radovanovic, Danko"]
[Result "1/2-1/2"]
[WhiteElo "1627"]
[BlackElo "1899"]
[PlyCount "85"]
[EventDate "2014.01.10"]

1. Nf3 Nf6 2. g3 g6 3. Bg2 Bg7 4. O-O O-O 5. c4 c5 6. Nc3 Nc6 7. d3 d6 8. Bd2
Bd7 9. Qc1 Re8 10. Rb1 Rb8 11. a3 a5 12. a4 Nb4 13. Nb5 Nc6 14. Re1 Ng4 15. Bc3
Bh6 16. Bd2 Bg7 17. Bc3 Nge5 18. Nxe5 dxe5 19. Bd2 Nd4 20. Nxd4 exd4 21. b3 Qc7
22. e4 b6 23. f4 e5 24. fxe5 Bxe5 25. Bf4 Kg7 26. Bxe5+ Qxe5 27. Qf4 Re7 28.
Qxe5+ Rxe5 29. Kf2 Rbe8 30. h3 f5 31. exf5 Bxf5 32. Rxe5 Rxe5 33. Bf1 h5 34.
Re1 Kf6 35. Rxe5 Kxe5 36. Kf3 Kf6 37. g4 hxg4+ 38. hxg4 Bd7 39. Kf4 g5+ 40. Kg3
Bc6 41. Be2 Ke5 42. Bf3 Bd7 43. Be4 1/2-1/2